| 000 | 00512nam a2200181Ia 4500 | ||
|---|---|---|---|
| 003 | OSt | ||
| 005 | 20250805143152.0 | ||
| 008 | 210210b1960 xxu||||| |||| 00| 0 eng d | ||
| 040 | _cAL | ||
| 041 | _akan | ||
| 082 | _a853/385 | ||
| 100 |
_aRAMASVAMY AYYANGAR (B S) _9161784 _dರಾಮಸ್ವಾಮಿ ಅಯ್ಯಂಗಾರ್ (ಬಿ.ಎಸ್.) |
||
| 245 |
_aVyamoha: _bವ್ಯಾಮೋಹ |
||
| 260 |
_aBengaluru _b- _c1960 |
||
| 690 |
_aKannada Drama _9161785 |
||
| 906 | _a019660 | ||
| 942 |
_2ddc _cBK |
||
| 999 |
_c143801 _d143801 |
||